| 000 | 00680nam a22002177a 4500 | ||
|---|---|---|---|
| 999 |
_c13325 _d13325 |
||
| 003 | AR-CdUCM | ||
| 008 | 190412b ||||| |||| 00| 0 spa d | ||
| 020 | _a978-612-309-059-3 | ||
| 040 |
_aMUNICIPALIDAD PROVINCIAL DEL CUSCO _cBIBLIOTECA MUNICIPAL DEL CUSCO |
||
| 082 |
_aEP / 808.08 / _bV47 |
||
| 100 |
_aVera, Claudia _925851 |
||
| 245 | _aEl Lobo Rodolfo / | ||
| 260 |
_aLima : _bSantillana ; _c2012. |
||
| 300 |
_a30 páginas ; _bIlustraciones _c19cm |
||
| 440 |
_aAlfaguara Infantil _931690 |
||
| 650 |
_aCuentos _9312 |
||
| 650 |
_aEducación primaria _91561 |
||
| 700 |
_aVera, Nora Hilb (ilustraciones) _931692 |
||
| 942 |
_2ddc _cLIBROS |
||
| 945 |
_anom _d2019-04-12 |
||